Effective interviewing for employment selection (Record no. 3538)

MARC details
005 - DATE AND TIME OF LATEST TRANSACTION
control field 20250609142030.0
020 ## - INTERNATIONAL STANDARD BOOK NUMBER
International Standard Book Number 0-220-67005-6
082 ## - DEWEY DECIMAL CLASSIFICATION NUMBER
Classification number LECT 658.311 GOO
100 ## - MAIN ENTRY--PERSONAL NAME
Author name GOODWORTH, C. T.
245 ## - TITLE STATEMENT
Title Effective interviewing for employment selection
260 ## - PUBLICATION, DISTRIBUTION, ETC.
Place of publication, distribution, etc. London,
Name of publisher, distributor, etc. Business Books Ltd.,
Date of publication, distribution, etc. 1980.
300 ## - PHYSICAL DESCRIPTION
Extent xv, 138p.: ill.; figure, picture.
Other physical details Index,
Dimensions 24cm.
942 ## - ADDED ENTRY ELEMENTS (KOHA)
Source of classification or shelving scheme Dewey Decimal Classification
Koha item type Books
Holdings
Date last seen Total checkouts Full call number Barcode Cost, replacement price Price effective from Koha item type Lost status Source of classification or shelving scheme Damaged status Not for loan Withdrawn status Home library Current library Shelving location Date acquired Cost, normal purchase price
06/09/2025   LECT 658.311 GOO 00000011756 30000.00 06/09/2025 Books   Dewey Decimal Classification       College of Business Education Main Library College of Business Education Main Library General Collection 11/03/1982 10000.00